02588nam a2200421Ia 4500001001200000003000800012006001900020007001500039008004100054020001500095020001800110040002100128035002100149050002400170245037900194260005800573300001600631500030000647500016000947504004101107533015201148650006601300650006601366650005401432650004601486650003501532650003801567651004501605651004501650655002901695700001801724710009601742710012001838710004601958710001702004856012602021999001902147ebr10170936CaPaEBRm u cr cn|||||||||070326s2007 dcu sb 100 0 eng d z0309104998 z9780309104999 aCaPaEBRcCaPaEBR a(OCoLC)19192891314aHV6431b.S35 2007eb00aScience and technology to counter terrorismh[electronic resource] :bproceedings of an Indo-U.S. workshop /cRoddam Narasimha ... [et al.], editors ; Committee on International Security and Arms Control, National Academy of Sciences, in cooperation with International Strategic and Security Studies Programme of the National Institute of Advanced Studies, Bangalore, India. aWashington, D.C. :bNational Academies Press,cc2007. axii, 167 p. a"These proceedings present the papers and summarize the discussions of a workshop held in Goa, India, in January 2004, organized under the aegis of the Indian National Institute of Advanced Science (NIAS) and the U.S. Committee on International Security and Arms Control (CISAC)"--Pref., p. vii. a"This report was supported by Task Order No. N00014-05-G-0288, DO#9 between the National Academy of Sciences and the Office of Naval Research"--T.p. verso. aIncludes bibliographical references. aElectronic reproduction.bPalo Alto, Calif. :cebrary,d2009.nAvailable via World Wide Web.nAccess may be limited to ebrary affiliated libraries. 0aTerrorismxPreventionxTechnological innovationsvCongresses. 0aTerrorismxPreventionxInternational cooperationvCongresses. 0aTerrorismzUnited StatesxPreventionvCongresses. 0aTerrorismzIndiaxPreventionvCongresses. 0aScience and statevCongresses. 0aTechnology and statevCongresses. 0aUnited StatesxForeign relationszIndia. 0aIndiaxForeign relationszUnited States. 7aElectronic books.2local1 aNarasimha, R.2 aNational Academy of Sciences (U.S.).bCommittee on International Security and Arms Control.2 aNational Institute of Advanced Studies (Bangalore, India).bInternational Strategic and Security Studies Programme.1 aUnited States.bOffice of Naval Research.2 aebrary, Inc.40uhttp://site.ebrary.com/lib/rucke/Doc?id=10170936zAn electronic book accessible through the World Wide Web; click to view c249813d249813